| 000 | 00462pab a2200169 454500 | ||
|---|---|---|---|
| 008 | 180718b2007 xxu||||| |||| 00| 0 eng d | ||
| 100 | _aGahvari, Firouz | ||
| 245 | _aConditional cash transfers, public provision of private goods, and income redistribution | ||
| 260 | _c2007 | ||
| 300 | _ap.491-502. | ||
| 362 | _aMar | ||
| 650 | _aIncome distribution | ||
| 700 | _aMattos, Enlinson | ||
| 773 | _aAmerican Economic Review | ||
| 908 | _aN | ||
| 909 | _a74074 | ||
| 999 |
_c74074 _d74074 |
||